Políticas productivas para sectores carenciados (Registro nro. 16613)

Detalles MARC
000 -LEADER
fixed length control field 00376 a2200121 4500
001 - CONTROL NUMBER
control field ART_3682
005 - DATE AND TIME OF LATEST TRANSACTION
control field 20260410161717.0
008 - FIXED-LENGTH DATA ELEMENTS--GENERAL INFORMATION
fixed length control field 260409a
100 1# - MAIN ENTRY--PERSONAL NAME
Personal name Bekerman, Marta
245 10 - TITLE STATEMENT
Title Políticas productivas para sectores carenciados
700 1# - ADDED ENTRY--PERSONAL NAME
Personal name Rodríguez, Santiago
773 0# - HOST ITEM ENTRY
Title Desarrollo económico
Related parts - Vol. 47, Nº 185 (abr./jun. 2007)
Record control number REV1174

No hay ítems disponibles.